00353nam a2200109Ia 4500008004000000020001800040082001300058100002300071245006900094260006900163300001100232210210b1974 xxu||||| |||| 00| 0 eng d a0 07 017049 5 a339 DIUS aDIULIO (Eugene A). aSchaum's outline of theory and problems of macroeconomic theory. aNew York.bSchaum''s outline series, McGraw-Hill Book Co.,c1974 avi,208